00433 2200169 4500001002100000005001500021035002000036245004700056100001400103300001200117260003400129082001200163084001800175650001600193008004100209990001300250INLIS00000000000278120260220065606 a0010-02260000131 aKisah Nyata 25 Nabi Dan Rasul /cRahimsyah1 aRahimsyah a136 hlm aSurabaya :bKarya Ilmu,c2006 a297.246 a297.246 RAH k 4aAgama Islam260220 0  a11903533